[Event "NOR-chT 0910"]
[Site "Norway"]
[Date "2010.01.08"]
[Round "4"]
[White "Moen, Ole Christian"]
[Black "Holen, Torgeir"]
[Result "1-0"]
[WhiteElo "2237"]
[BlackElo "1901"]
[PlyCount "29"]
[EventDate "2009.11.06"]
[EventType "team"]
[EventRounds "9"]
[EventCountry "NOR"]
[SourceTitle "EXT 2011"]
[Source "ChessBase"]
[SourceDate "2010.11.26"]
[SourceVersion "1"]
[SourceVersionDate "2010.11.26"]
[SourceQuality "1"]
[WhiteTeam "Oslo SS"]
[BlackTeam "Oslo Vest"]
[WhiteTeamCountry "NOR"]
[BlackTeamCountry "NOR"]

1. e4 e6 2. d4 d5 3. Nc3 dxe4 4. Nxe4 Nf6 5. Nxf6+ Qxf6 6. Nf3 h6 7. Bd3 Bd6 8. 0-0 0-0 9. Qe2 g5 10. Ne5 Qg7 11. f4 Nd7 12. fxg5 hxg5 13. Qh5 f6 14. Ng4 Rd8 15. Bxg5 1-0

[Event "NOR-chT 0809"]
[Site "Norway"]
[Date "2008.11.07"]
[Round "2"]
[White "Holen, Torgeir"]
[Black "Kovachev, Daniel Jakobsen"]
[Result "0-1"]
[WhiteElo "1929"]
[BlackElo "2285"]
[PlyCount "34"]
[EventDate "2008.11.07"]
[EventType "team-tourn"]
[EventRounds "11"]
[EventCountry "NOR"]
[SourceTitle "EXT 2010"]
[Source "ChessBase"]
[SourceDate "2010.11.25"]
[SourceVersion "1"]
[SourceVersionDate "2010.11.25"]
[SourceQuality "1"]

1. d4 Nf6 2. Nf3 e6 3. g3 d5 4. Bg2 Be7 5. 0-0 0-0 6. Nbd2 c5 7. c4 cxd4 8. Nxd4 e5 9. N4f3 Nc6 10. cxd5 Qxd5 11. Qa4 e4 12. Ne1 Nd4 13. e3 Ne2+ 14. Kh1 Bf5 15. Qc4 Qxc4 16. Nxc4 Rac8 17. b3 Nxc1 0-1

[Event "NOR-chT 0506"]
[Site "Norway"]
[Date "2005.11.05"]
[Round "1"]
[White "Moberg, Jan Rune"]
[Black "Holen, Torgeir"]
[Result "0-1"]
[WhiteElo "1647"]
[BlackElo "1844"]
[PlyCount "68"]
[EventDate "2005.11.01"]
[EventType "team"]
[EventRounds "2"]
[EventCountry "NOR"]
[SourceTitle "CBM 109 Extra"]
[Source "ChessBase"]
[SourceDate "2006.01.03"]
[SourceVersion "2"]
[SourceVersionDate "2006.01.03"]
[SourceQuality "1"]

1. d4 Nf6 2. c4 g6 3. Nc3 Bg7 4. e4 d6 5. Nge2 0-0 6. Ng3 c5 7. d5 e6 8. Be2 exd5 9. exd5 Re8 10. 0-0 h5 11. Bg5 Qb6 12. Qd2 Nbd7 13. Rac1 Nf8 14. h4 N8h7 15. Bd3 Nxg5 16. hxg5 Ng4 17. b3 Qd8 18. Nge2 f5 19. gxf6 Qxf6 20. Qf4 Bf5 21. Bxf5 gxf5 22. Qf3 Qh4 23. Qg3 Qg5 24. Qf4 Qh4 25. Qg3 Qg5 26. Qf4 Qg6 27. Qf3 Be5 28. Nf4 Qg5 29. Nce2 Re7 30. Nh3 Qf6 31. Nhf4 Rh7 32. Rfd1 Kf7 33. Qd3 Rg8 34. Rc2 h4 0-1